| 000 | 01241nam0a22002531 4500 | ||
|---|---|---|---|
| 001 | rc\959170 | ||
| 005 | 20041129100424.4 | ||
| 035 | _a(NLR Aleph) 006129645 | ||
| 090 |
_a5547729 _c5547729 |
||
| 100 | _a20041129d1982 u |0rusy50 ca | ||
| 101 | 0 | _arus | |
| 102 | _aRU | ||
| 105 | _ay ||||||||| | ||
| 200 | 1 |
_aСанитарно-гигиеническая характеристика условий труда инвалидов на предприятиях машиностроения _f[Сост. Золкин Г.А., Козлова А.Г., Лаптев В.А., Вискалина Л.П.] |
|
| 210 |
_aМ. _cЦБНТИ Минсобеса РСФСР _d1982 |
||
| 215 |
_a15 с. _d20 |
||
| 225 | 1 |
_aОбзорная информация _fМ-во соц. обеспечения РСФСР. Центр. отрасл. БНТИ и пропаганды _iСерия "Трудовое и бытовое устройство инвалидов. Профессиональное обучение" _vВып. 19 |
|
| 320 | _aБиблиогр.: с. 15 | ||
| 702 | 1 |
_aЗолкин _bГ. А. _gГеоргий Алексеевич _4220 |
|
| 801 | 0 |
_aRU _bNLR _gpsbo |
|
| 801 | 1 |
_aRU _bELAR _2rusmarc |
|
| 852 |
_aNLR _jП16/1324 |
||
| 942 | _cBOOK | ||
| 980 | _aNB | ||